000 00712nam a2200229Ia 4500
003 OSt
005 20220925210557.0
006 a|||||r|||| 00| 0
007 ta
008 220923b |||||||| |||| 00| 0 eng d
037 _cGeneral Book
040 _aRTL
_cRTL
_beng
041 _2eng
_aeng
082 _aX9 : 75r .2 . N78<--N77, L8
110 _aINDIA , INDUSTRIAL DEVLOPMENT BANK
_9272677
245 0 _aIndusttrial devlopment Bank of India
_b Annual report 1977-78.
260 _aIndia
_bIDBI
_c1978
300 _a141p
_ccm.
700 _aINDIA , INDUSTRIAL DEVLOPMENT BANK
_9272678
942 _hX9 : 75r .2 . N78<--N77, L8
_cGB
_2CC
999 _c555485
_d555485